Statistics for Countries and World Capitals Starting with H

Click here to take the quiz!

General Stats

  • This quiz has been taken 95 times
  • The average score is 6 of 8

Answer Stats

country / capital% Correct
Haiti
93%
Honduras
91%
Hungary
91%
Harare
71%
Helsinki
71%
Hanoi
64%
Havana
59%
Honiara
57%

Score Distribution

Percentile by Number Answered

Percent of People with Each Score

Your Score History

You have not taken this quiz